000 00498nam a2200169Ia 4500
999 _c21274
_d21274
003 OSt
005 20200629124947.0
008 190216s9999||||xx |||||||||||||| ||und||
020 _a9788125008088
040 _coclc
082 _a934
_bTHA/A
100 _aThapar, Romila
_9444
245 0 _aAncient Indian Social History Some Interpretations /
_cRomila Thapar
260 _bOrient Longman,
_c2003.
_aHyderbad:
300 _a341p
942 _cBK
_2ddc
_h934
_iTHA/A
_k934
_mTHA/A